| 000 | 00611nam a2200181 a 4500 | ||
|---|---|---|---|
| 008 | 081209s2001 ||||||||||||||||| || u | ||
| 020 | _a063120069X | ||
| 050 | _aGB 54.5 Gou | ||
| 100 | _aGoudie, Andrew | ||
| 245 | 1 | 4 | _aThe nature of the environment. -- 4th ed. |
| 250 | _a4th ed. | ||
| 260 |
_aOxford _bBlackwell _c2001 |
||
| 300 | _axv, 544p.: ill. | ||
| 350 | _a0.00 | ||
| 650 | _aGEOGRAPHY | ||
| 650 | _aPHYSICAL GEOGRAPHY | ||
| 995 |
_D210000.00 _FCBU-MAIN LIBRARY (Kitwe) _H1 _I0.00 _M1 _UAVAILABLE _WJan 30, 2009 _ZMain Library Open Access Collection |
||
| 999 |
_c52014 _d52014 |
||